LEADER 04202nam 2200925 a 450 001 9910780378603321 005 20230607214118.0 010 $a0-520-93618-3 010 $a1-59734-713-2 024 7 $a10.1525/9780520936188 035 $a(CKB)111087027178604 035 $a(EBL)223964 035 $a(OCoLC)475929508 035 $a(SSID)ssj0000192189 035 $a(PQKBManifestationID)11166396 035 $a(PQKBTitleCode)TC0000192189 035 $a(PQKBWorkID)10187147 035 $a(PQKB)10455006 035 $a(MiAaPQ)EBC223964 035 $a(DE-B1597)518758 035 $a(OCoLC)1096478991 035 $a(DE-B1597)9780520936188 035 $a(Au-PeEL)EBL223964 035 $a(CaPaEBR)ebr10050789 035 $a(EXLCZ)99111087027178604 100 $a20010411d2002 ub 0 101 0 $aeng 135 $aurcn||||||||| 181 $ctxt 182 $cc 183 $acr 200 14$aThe life of the law$b[electronic resource] $eanthropological projects /$fLaura Nader 210 $aBerkeley $cUniversity of California Press$dc2002 215 $a1 online resource (278 p.) 300 $aDescription based upon print version of record. 311 $a0-520-23163-5 311 $a0-520-22988-6 320 $aIncludes bibliographical references (p. 231-250) and index. 327 $tFront matter --$tContents --$tAcknowledgments --$tIntroduction --$t1. Evolving an Ethnography of Law: A Personal Document --$t2. Lawyers and Anthropologists --$t3. Hegemonic Processes in Law: Colonial to Contemporary --$t4. The Plaintiff: A User Theory --$tEpilogue --$tBibliography --$tIndex 330 $aLaura Nader, an instrumental figure in the development of the field of legal anthropology, investigates an issue of vital importance for our time: the role of the law in the struggle for social and economic justice. In this book she gives an overview of the history of legal anthropology and at the same time urges anthropologists, lawyers, and activists to recognize the centrality of law in social change. Nader traces the evolution of the plaintiff's role in the United States in the second half of the twentieth century and passionately argues that the atrophy of the plaintiff's power during this period represents a profound challenge to justice and democracy. Taking into account the vast changes wrought in both anthropology and the law by globalization, Nader speaks to the increasing dominance of large business corporations and the prominence of neoliberal ideology and practice today. In her discussion of these trends, she considers the rise of the alternative dispute resolution movement, which since the 1960's has been part of a major overhaul of the U.S. judicial system. Nader links the increasing popularity of this movement with the erosion of the plaintiff's power and suggests that mediation as an approach to conflict resolution is structured to favor powerful--often corporate--interests. 606 $aLaw and anthropology 610 $a20th century. 610 $aamerican democracy. 610 $aanthropology. 610 $abusiness corporations. 610 $acivic. 610 $acorporate interests. 610 $ademocracy. 610 $adispute resolution. 610 $aeconomic justice. 610 $aglobalization. 610 $alawyers. 610 $alegal anthropologists. 610 $alegal anthropology. 610 $alegal history. 610 $alegal issues. 610 $alegislation. 610 $amediation. 610 $amodern law. 610 $aneoliberal ideology. 610 $aplaintiffs role. 610 $apolitical activists. 610 $apower of the law. 610 $arole of the law. 610 $asocial activists. 610 $asocial change. 610 $asocial justice. 610 $asocial science. 610 $aunited states. 610 $aus judicial system. 615 0$aLaw and anthropology. 676 $a340/.115 700 $aNader$b Laura$0185520 801 0$bMiAaPQ 801 1$bMiAaPQ 801 2$bMiAaPQ 906 $aBOOK 912 $a9910780378603321 996 $aThe life of the law$93822232 997 $aUNINA LEADER 02746nam 22006133 450 001 9910815284303321 005 20230629225917.0 010 $a1-911193-54-6 035 $a(CKB)4940000000618581 035 $a(MiAaPQ)EBC6797337 035 $a(Au-PeEL)EBL6797337 035 $a(EXLCZ)994940000000618581 100 $a20211214d2021 uy 0 101 0 $aeng 135 $aurcnu|||||||| 181 $ctxt$2rdacontent 182 $cc$2rdamedia 183 $acr$2rdacarrier 200 14$aThe Roots of Amerta Movement $eAn Introduction to the Movement Improvisation of Suprapto Suryodarmo 210 1$aAxminster :$cTriarchy Press,$d2021. 210 4$dİ2021. 215 $a1 online resource (241 pages) 311 $a1-911193-53-8 327 $aIntro -- Contents -- List of Illustrations -- Personal names -- Abbreviations -- Foreword -- Preface -- PART I: The Movement -- Chapter 1 - Introduction to Amerta Movement -- Chapter 2 - Prapto in Java -- Chapter 3 - Fundamentals -- Chapter 4 - The Movement Practice -- PART II: The Pribadi Art courses -- Chapter 5 - Basic -- Chapter 6 - Vocabulary 1: The Hill and Sukuh -- Chapter 7 - Vocabulary 2: Borobudur, Parangtritis and Crystallisation -- Chapter 8. - Communication -- PART III: Messenger Art -- Chapter 9. - Messenger Art -- Conclusion -- Epilogue -- Glossary -- Bibliography -- Index. 330 $aCovering the early years of Javanese movement artist Prapto's teaching (1986-1997), this is a record of that period of his work. 517 $aRoots of Amerta Movement 606 $aImprovisation in dance$zIndonesia$zJava 606 $aMovement therapy$zIndonesia$zJava 606 $aDance$xAnthropological aspects$zIndonesia$zJava 606 $aImprovisation (Danse)$zIndone?sie$zJava 606 $aThe?rapie par le mouvement$zIndone?sie$zJava 606 $aDanse$xAspect anthropologique$zIndone?sie$zJava 606 $aDance$xAnthropological aspects$2fast$3(OCoLC)fst00887405 606 $aImprovisation in dance$2fast$3(OCoLC)fst00968315 606 $aMovement therapy$2fast$3(OCoLC)fst01028519 607 $aIndonesia$zJava$2fast 615 0$aImprovisation in dance 615 0$aMovement therapy 615 0$aDance$xAnthropological aspects 615 6$aImprovisation (Danse) 615 6$aThe?rapie par le mouvement 615 6$aDanse$xAspect anthropologique 615 7$aDance$xAnthropological aspects. 615 7$aImprovisation in dance. 615 7$aMovement therapy. 676 $a792.8 700 $aLavelle$b Lise$01609798 801 0$bMiAaPQ 801 1$bMiAaPQ 801 2$bMiAaPQ 906 $aBOOK 912 $a9910815284303321 996 $aThe Roots of Amerta Movement$93937216 997 $aUNINA